书目信息 |
| 题名: |
《市场营销学》学习指导
|
|
| 作者: | 叶万春 编著 | |
| 分册: | ||
| 出版信息: | 武汉 武汉工业大学出版社 2002.8 |
|
| 页数: | 211页 | |
| 开本: | 20cm | |
| 丛书名: | ||
| 单 册: | ||
| 中图分类: | F713.50 | |
| 科图分类: | ||
| 主题词: | 商业经济--国内 | |
| 电子资源: | ||
| ISBN: | 7-5629-1827-9 | |
| 000 | 00577nam0 2200193 45 | |
| 001 | 8032551706 | |
| 005 | 1980022409023159 | |
| 010 | @a7-5629-1827-9@dRMB 12.50 | |
| 100 | @a19800224d2002 km y0chiy0120 ea | |
| 101 | 0 | @achi |
| 102 | @aCN@b420000 | |
| 200 | 1 | @a《市场营销学》学习指导@A《shi chang ying xiao xue》xue xi zhi dao@f叶万春编著@Fye wan chun bian zhu |
| 210 | @a武汉@c武汉工业大学出版社@d2002.8 | |
| 215 | @a211页@d20cm | |
| 606 | 0 | @a商业经济@x国内 |
| 690 | @aF713.50@v3 | |
| 701 | 0 | @a叶万春@Aye wan chun@4编著 |
| 801 | 0 | @aCN@bPFT@c19800224 |
| 905 | @dF713.50@eY4561 | |
| 《市场营销学》学习指导/叶万春编著.-武汉:武汉工业大学出版社,2002.8 |
| 211页;20cm |
| ISBN 7-5629-1827-9:RMB 12.50 |
| ● |
| 相关链接 |
|
|
|
正题名:《市场营销学》学习指导
索取号:F713.50/Y4561
 
预约/预借
| 序号 | 登录号 | 条形码 | 馆藏地/架位号 | 状态 | 备注 |
| 1 | 362248 | 203622482 | 社科库409/409社科库 43排7列4层/ [索取号:F713.50/Y4561] | 在馆 |